1 sport, 1 question (spécial France) - Statistiques

Statistiques générales
  • Ce quiz a été pris 167 fois
  • Le résultat moyen est 11 sur 15
Statistiques - réponses
Sport Question Réponse % Correct
Judo Il a gagné 5 médailles d'or aux jeux olympiques dans la catégorie « poids lourds » Teddy Riner
99%
Basketball Considéré comme le meilleur basketteur français de tous les temps, ce meneur de jeu a passé la majeur partie de sa carrière aux Spurs de San Antonio Tony Parker
96%
Football Club le plus titré du monde en Ligue des champions féminine Olympique lyonnais
94%
Rugby à XV Ce club est le plus titré au championnat de France Stade toulousain
93%
Natation Elle compte 58 titres de championne de France, 3 titres de championne du monde et une médaille d’or olympique (Athènes, 2004) Laure Manaudou
87%
Biathlon Sportif français le plus titré des Jeux olympiques d'hiver Martin Fourcade
86%
Décathlon En 2018, il établi le record du monde avec 9 126 points Kevin Mayer
82%
Formule 1 Il a remporté 4 championnats du monde entre 1985 et 1993 Alain Prost
73%
Sprint Championne olympique sur 200 mètres et 2 fois sur 400 mètres Marie-José Pérec
67%
Voile Course autour du monde en solitaire, sans escale ni assistance, qui démarre et arrive aux Sables-d'Olonne Vendée Globe
67%
Tennis Elle est considérée comme la première star internationale du tennis féminin, et a donné son nom à l'un des célèbres cours de Rolland-Garros Suzanne Lenglen
65%
Cyclisme Surnommé le Blaireau, il a remporté 5 Tour de France Bernard Hinault
63%
Escrime Quintuple médaillée olympique et sextuple championne du monde Laura Flessel
48%
Handisport Cette sprinteuse amputée de la jambe gauche a remporté 9 médailles paralympiques et 12 médailles mondiales Marie-Amélie Le Fur
15%
Mystère Ce sport qui mêle de technique, stratégie et précision est le 7e sport avec le plus d'affiliés en France en 2024 Golf
14%
Aucun quiz correspondant
Distribution des résultats
% des personnes avec chaque résultat
Percentile par nombre de réponses
Votre historique - résultats
Vous n’avez pas pris ce quiz